[Event "GER-chT U20"]
[Site "Muenster"]
[Date "2022.12.27"]
[Round "2"]
[White "Steinhauer, Artur"]
[Black "Schroeder, Lennart"]
[Result "1/2-1/2"]
[WhiteElo "1920"]
[BlackElo "2011"]
[PlyCount "83"]
[EventDate "2022.12.26"]
[EventType "team-swiss"]
[EventRounds "7"]
[EventCountry "GER"]
[SourceTitle "CBM 212 Extra"]
[Source "ChessBase"]
[SourceDate "2023.03.31"]
[SourceVersion "1"]
[SourceVersionDate "2023.03.31"]
[SourceQuality "1"]
[WhiteTeam "Regensburg Bavaria"]
[BlackTeam "Muenster"]
[WhiteTeamCountry "GER"]
[BlackTeamCountry "GER"]

1. e4 c5 2. Nf3 d6 3. d4 cxd4 4. Nxd4 Nf6 5. Nc3 g6 6. Be3 Bg7 7. f3 0-0 8. Qd2 Nc6 9. Bc4 Bd7 10. 0-0-0 Rc8 11. Bb3 Nxd4 12. Bxd4 b5 13. Nd5 Nxd5 14. Bxg7 Kxg7 15. exd5 a5 16. a3 Kg8 17. Rhe1 Rc5 18. Re3 b4 19. axb4 axb4 20. Qxb4 Qa8 21. Kd2 Rb8 22. Qf4 Bf5 23. Rc1 Rxb3 24. Rxb3 Qxd5+ 25. Ke1 Bxc2 26. Rc3 Rxc3 27. bxc3 Bf5 28. Qe3 Qa2 29. Qd2 Qc4 30. Kf2 h5 31. Ra1 Qd3 32. Ra8+ Kg7 33. Qxd3 Bxd3 34. Ke3 Bc4 35. Kd4 Be6 36. c4 h4 37. Re8 Kf6 38. c5 dxc5+ 39. Kxc5 Bf5 40. Kd4 g5 41. g3 hxg3 42. hxg3 1/2-1/2

[Event "GER-chT U20"]
[Site "Kiel"]
[Date "2022.07.26"]
[Round "7.6"]
[White "Steinhauer, Artur"]
[Black "Bargsten, Justus"]
[Result "0-1"]
[WhiteElo "1901"]
[BlackElo "2136"]
[PlyCount "120"]
[EventDate "2022.07.22"]
[EventType "team-swiss"]
[EventRounds "7"]
[EventCountry "GER"]
[SourceTitle "CBM 209 Extra"]
[Source "ChessBase"]
[SourceDate "2022.09.30"]
[SourceVersion "1"]
[SourceVersionDate "2022.09.30"]
[SourceQuality "1"]
[WhiteTeam "Regensburg Bavaria"]
[BlackTeam "Uelzen Post"]
[WhiteTeamCountry "GER"]
[BlackTeamCountry "GER"]

1. e4 e6 2. d4 d5 3. Bd3 dxe4 4. Bxe4 Nf6 5. Bf3 c5 6. Ne2 Nc6 7. Be3 cxd4 8. Nxd4 Nxd4 9. Qxd4 Qxd4 10. Bxd4 Bd6 11. Nc3 0-0 12. 0-0-0 Bf4+ 13. Kb1 e5 14. Bc5 Re8 15. Nd5 e4 16. Nxf6+ gxf6 17. Be2 Be6 18. g3 Be5 19. Rhe1 f5 20. Bd6 Bf6 21. Bf4 Rec8 22. Bf1 Kg7 23. Bg2 Rc5 24. Be3 Ra5 25. a3 Ra4 26. Bc1 Kg6 27. f3 exf3 28. Bxf3 Rc8 29. b3 Ra5 30. Bxb7 Rb8 31. Bg2 Rab5 32. Bf1 Bxb3 33. cxb3 Rxb3+ 34. Kc2 Rc3+ 35. Kd2 Rbb3 36. Ke2 h5 37. Kf2 h4 38. Bf4 hxg3+ 39. hxg3 Rxa3 40. Rd5 Bh4 41. Rd6+ f6 42. Bg2 Rxg3 43. Bxg3 Bxg3+ 44. Kf1 Bxd6 45. Re8 Kg5 46. Kf2 Bc5+ 47. Ke2 Ra2+ 48. Kf3 Rf2+ 49. Kg3 f4+ 50. Kh3 f3 51. Bh1 Rf1 52. Rg8+ Kf5 53. Bxf3 Rxf3+ 54. Kg2 Rc3 55. Rd8 a5 56. Ra8 Ra3 57. Ra6 a4 58. Ra5 Rc3 59. Rxa4 Ke5 60. Kf1 Rc2 0-1

[Event "Bayern-ch 92th"]
[Site "Lichtenfels"]
[Date "2021.08.28"]
[Round "9"]
[White "Steinhauer, Artur"]
[Black "Reimann, Matthias"]
[Result "1/2-1/2"]
[WhiteElo "1580"]
[BlackElo "2017"]
[PlyCount "156"]
[EventDate "2021.08.22"]
[EventType "swiss"]
[EventRounds "9"]
[EventCountry "GER"]
[SourceTitle "EXT 2023"]
[Source "ChessBase"]
[SourceDate "2022.10.05"]
[SourceVersion "1"]
[SourceVersionDate "2022.10.05"]
[SourceQuality "1"]

1. e4 c5 2. Nf3 Nc6 3. Bb5 g6 4. Bxc6 bxc6 5. 0-0 Bg7 6. d3 Nh6 7. e5 0-0 8. Nc3 Nf5 9. Bf4 Nd4 10. Na4 d6 11. Nxd4 cxd4 12. exd6 exd6 13. Qf3 Qd7 14. b3 Re8 15. Qg3 Bf8 16. Rfe1 Ba6 17. f3 Re6 18. Rxe6 fxe6 19. Re1 c5 20. Nb2 Re8 21. Nd1 e5 22. Bd2 Bg7 23. Nf2 d5 24. f4 exf4 25. Qxf4 Rxe1+ 26. Bxe1 Qe8 27. Kf1 Qe5 28. Qxe5 Bxe5 29. g3 Kf7 30. Bd2 Bc8 31. Ke2 Kf6 32. Kf3 h5 33. Bf4 g5 34. Bxe5+ Kxe5 35. h4 gxh4 36. gxh4 Bf5 37. Kg3 c4 38. Kf3 Be6 39. Kg3 Bf5 40. b4 Bd7 41. Nh3 Bxh3 42. Kxh3 Kf4 43. a4 Ke3 44. b5 cxd3 45. cxd3 Kxd3 46. a5 Ke3 47. b6 axb6 48. axb6 d3 49. b7 d2 50. b8Q d1Q 51. Qe5+ Kf2 52. Qg3+ Kf1 53. Qf4+ Ke1 54. Qe5+ Kf2 55. Qg3+ Ke2 56. Qe5+ Kf1 57. Qf4+ Ke1 58. Qe5+ Qe2 59. Qxd5 Qg4+ 60. Kh2 Qxh4+ 61. Kg2 Qg4+ 62. Kh2 Kf1 63. Qd3+ Kf2 64. Qd2+ Kf3 65. Qd3+ Kf4 66. Qd4+ Kg5 67. Qe5+ Kg6 68. Qd6+ Kg5 69. Qe5+ Qf5 70. Qxf5+ Kxf5 71. Kh3 Kg5 72. Kh2 Kh4 73. Kg2 Kg4 74. Kh2 h4 75. Kg2 h3+ 76. Kh2 Kh4 77. Kg1 Kg3 78. Kh1 h2 1/2-1/2

[Event "Bayern-ch 92th"]
[Site "Lichtenfels"]
[Date "2021.08.25"]
[Round "6"]
[White "Steinhauer, Artur"]
[Black "Stoeckl, Stephan"]
[Result "1-0"]
[WhiteElo "1580"]
[BlackElo "2061"]
[PlyCount "69"]
[EventDate "2021.08.22"]
[EventType "swiss"]
[EventRounds "9"]
[EventCountry "GER"]
[SourceTitle "EXT 2023"]
[Source "ChessBase"]
[SourceDate "2022.10.05"]
[SourceVersion "1"]
[SourceVersionDate "2022.10.05"]
[SourceQuality "1"]

1. e4 c5 2. Nf3 e6 3. g3 Nc6 4. Bg2 g6 5. 0-0 Bg7 6. c3 Nge7 7. d4 cxd4 8. cxd4 d5 9. e5 0-0 10. Nc3 a6 11. Bf4 Bd7 12. Re1 Rc8 13. Qd2 Nf5 14. Bh3 Qb6 15. Bxf5 gxf5 16. Rad1 f6 17. exf6 Bxf6 18. Ne5 Nxe5 19. Bxe5 Bxe5 20. Rxe5 Rf7 21. Ne2 Rc6 22. Re3 Rg7 23. Nf4 Qc7 24. Rc3 Rc4 25. Rdc1 b5 26. b3 Rxc3 27. Rxc3 Qd6 28. Nd3 Rg4 29. Ne5 Rg7 30. Qc1 b4 31. Rc5 Kf8 32. Qh6 Kg8 33. Qf6 Qe7 34. Qxe7 Rxe7 35. Rc7 1-0

[Event "GER-chT U20"]
[Site "Willingen"]
[Date "2021.06.26"]
[Round "6"]
[White "Melitzki, Richard"]
[Black "Steinhauer, Artur"]
[Result "1-0"]
[WhiteElo "1425"]
[BlackElo "1607"]
[PlyCount "85"]
[EventDate "2021.06.24"]
[EventType "team-swiss"]
[EventRounds "7"]
[EventCountry "GER"]
[SourceTitle "CBM 203 Extra"]
[Source "ChessBase"]
[SourceDate "2021.09.30"]
[SourceVersion "1"]
[SourceVersionDate "2021.09.30"]
[SourceQuality "1"]
[WhiteTeam "Plauen Koenig"]
[BlackTeam "Regensburg Bavaria"]
[WhiteTeamCountry "GER"]
[BlackTeamCountry "GER"]

1. e4 c5 2. Nf3 d6 3. d4 cxd4 4. Nxd4 Nf6 5. Nc3 a6 6. h3 e5 7. Nde2 Be7 8. g4 h6 9. Bg2 b5 10. 0-0 Bb7 11. Ng3 b4 12. Nd5 Nxd5 13. exd5 Nd7 14. Be3 Rc8 15. Qd2 a5 16. a3 Nf6 17. Nf5 Kf8 18. axb4 axb4 19. Ra7 Rb8 20. Rfa1 Ng8 21. R1a5 Bc8 22. Ng3 Bd7 23. Ne4 Be8 24. f4 f6 25. R5a6 Bb5 26. Ra5 Bd7 27. Qf2 Ke8 28. Bf1 h5 29. fxe5 fxe5 30. g5 Qc8 31. Kh2 Rb7 32. Bd3 Rxa7 33. Rxa7 Qb8 34. Bb6 b3 35. Rxd7 bxc2 36. Qxc2 Qxb6 37. Qc8+ Kf7 38. Nxd6+ Qxd6 39. Rxd6 Bxd6 40. Qe6+ Kf8 41. Bg6 e4+ 42. Qxd6+ Ne7 43. Qd8# 1-0

[Event "GER-chT U20"]
[Site "Willingen"]
[Date "2021.06.25"]
[Round "3"]
[White "Weisheit, Erik"]
[Black "Steinhauer, Artur"]
[Result "1-0"]
[WhiteElo "1942"]
[BlackElo "1607"]
[PlyCount "81"]
[EventDate "2021.06.24"]
[EventType "team-swiss"]
[EventRounds "7"]
[EventCountry "GER"]
[SourceTitle "CBM 203 Extra"]
[Source "ChessBase"]
[SourceDate "2021.09.30"]
[SourceVersion "1"]
[SourceVersionDate "2021.09.30"]
[SourceQuality "1"]
[WhiteTeam "Augsburg"]
[BlackTeam "Regensburg Bavaria"]
[WhiteTeamCountry "GER"]
[BlackTeamCountry "GER"]

1. e4 c6 2. d4 d5 3. e5 Bf5 4. h4 Qc7 5. c4 e6 6. Nc3 h5 7. Nge2 Be7 8. Bg5 a6 9. Rc1 Qb6 10. c5 Qc7 11. Ng3 Bg6 12. Be2 Bxg5 13. hxg5 h4 14. Nh5 Bxh5 15. Bxh5 g6 16. Be2 Ne7 17. Qd2 Nd7 18. Na4 0-0-0 19. Rc3 Rh7 20. Rb3 Rdh8 21. Rhh3 Nf5 22. Nb6+ Nxb6 23. Rxb6 Ne7 24. Qb4 a5 25. Qxa5 Kd7 26. Qb4 Rb8 27. Rb3 h3 28. gxh3 Rh4 29. a4 Nf5 30. Bg4 Ne7 31. a5 Nc8 32. a6 Nxb6 33. cxb6 Qd8 34. Rf3 Qe7 35. Rxf7 Qxf7 36. Qd6+ Ke8 37. Qxb8+ Ke7 38. Qxb7+ Kf8 39. Qxf7+ Kxf7 40. b7 Rh8 41. a7 1-0

[Event "GER-chT Christmas U16 Lasker"]
[Site "Playchess.com INT"]
[Date "2020.12.28"]
[Round "3.1"]
[White "Steinhauer, Artur"]
[Black "Henzchen, Vinzenz"]
[Result "1-0"]
[WhiteElo "1462"]
[BlackElo "1462"]
[PlyCount "89"]
[EventDate "2020.12.28"]
[EventType "team-swiss (blitz)"]
[EventRounds "7"]
[EventCountry "GER"]
[SourceTitle "CBM 200 Extra"]
[Source "ChessBase"]
[SourceDate "2021.03.31"]
[SourceVersion "1"]
[SourceVersionDate "2021.03.31"]
[SourceQuality "1"]
[WhiteTeam "Regensburg Bavaria"]
[BlackTeam "Bischofswerda"]
[WhiteTeamCountry "GER"]
[BlackTeamCountry "GER"]

1. e4 e6 2. d4 d5 3. Nc3 Bb4 4. e5 c5 5. a3 Bxc3+ 6. bxc3 Ne7 7. Nf3 Nbc6 8. Bd3 c4 9. Be2 Qa5 10. Bd2 Bd7 11. 0-0 Nf5 12. g4 Nfe7 13. Re1 h5 14. gxh5 Rxh5 15. Ng5 Rh8 16. Bg4 0-0-0 17. Nxf7 Rdf8 18. Nxh8 Rxh8 19. Re3 Nf5 20. Bxf5 exf5 21. e6 Be8 22. Rg3 Qc7 23. Qe2 Bh5 24. Rh3 g6 25. Qe3 Qe7 26. Qg5 Qxe6 27. Re3 Qd6 28. Rae1 Kc7 29. Re7+ Kb6 30. Bf4 Qxa3 31. Rb1+ Ka6 32. Rexb7 Qxc3 33. Qf6 Rc8 34. Qd6 Qxd4 35. Qa3+ Na5 36. R7b5 Qb6 37. Rxb6+ axb6 38. Qb4 Rc6 39. Qb5+ Kb7 40. Qxa5 Bf3 41. Be3 Be4 42. Rxb6+ Kc7 43. Qa7+ Kd6 44. Bf4+ Kc5 45. Rb1+ 1-0